Assessing criminal justice needs.

Bibliographic Details
Corporate Author: National Institute of Justice (U.S.)
Format: Government Document Book
Language:English
Published: [Washington, D.C.] : U.S. Dept. of Justice, Office of Justice Programs, National Institute of Justice, [1992]
Series:Research in brief.
Subjects:

MARC

Tag First Indicator Second Indicator Subfields
LEADER 00000cam a2200000 a 4500
001 in00001101351
005 20150929193106.0
008 921028s1992 dcu b f000 0 eng d
010 |a gp 93054003  
035 |a (OCoLC)26873696 
035 |9 AFS9971AM 
037 |a NCJ 136396  |b NIJ 
040 |a GPO  |c GPO  |d DLC  |d UtOrBLW 
043 |a n-us--- 
074 |a 0718-A-03 
086 0 |a J 28.24:As 2/992 
245 0 0 |a Assessing criminal justice needs. 
264 1 |a [Washington, D.C.] :  |b U.S. Dept. of Justice, Office of Justice Programs, National Institute of Justice,  |c [1992] 
300 |a 7 pages, 1 unnumbered page ;  |c 28 cm. 
336 |a text  |b txt  |2 rdacontent 
337 |a unmediated  |b n  |2 rdamedia 
338 |a volume  |b nc  |2 rdacarrier 
490 1 |a Research in brief 
500 |a Caption title. 
500 |a Shipping list number: 92-0538-P. 
500 |a "August 1992." 
504 |a Includes bibliographical references (page [8]). 
650 0 |a Criminal justice, Administration of  |z United States. 
650 0 |a Criminal justice personnel  |z United States. 
710 2 |a National Institute of Justice (U.S.) 
830 0 |a Research in brief. 
999 |a MARS 
999 f f |s 46aa80de-ce98-3ee3-817a-b8e8b697a918  |i abbbb0c4-57af-379e-9098-c0fcbf38b23e  |t 0 
952 f f |p normal  |a Texas A&M University  |b College Station  |c Sterling C. Evans Library  |d Evans: US Documents (Annex 5th floor)  |t 0  |e J 28.24:As 2/992  |h Superintendent of Documents classification  |i unmediated -- volume  |m A14817043838 
998 f f |a J 28.24:As 2/992  |t 0  |l Evans: US Documents (Annex 5th floor)